| 000 | 00420nam a2200133 a 4500 | ||
|---|---|---|---|
| 001 | 000038916 | ||
| 005 | 20201002031422.0 | ||
| 008 | 130506s1982 dr 000 0 spa d | ||
| 040 |
_aDO-SdBNP _bspa _cBNPHU |
||
| 100 | 1 |
_aNavarro, Agustín _965181 |
|
| 245 | 1 | 0 |
_aAsí hablan : _bobreros campesinos intelectuales / _cAgustín Navarro. |
| 260 |
_aSanto Domingo : _bCepae Ediciones Sociales, _c1982. |
||
| 300 |
_a52 p. ; _c22 cm. |
||
| 999 |
_c38406 _d38406 |
||